Electronics Manufacturing with Lead -Free Halogen-Free & conductive adhesive materials: (Record no. 559966)
[ view plain ]
| 000 -LEADER | |
|---|---|
| fixed length control field | 00427nam a2200121Ia 4500 |
| 008 - FIXED-LENGTH DATA ELEMENTS--GENERAL INFORMATION | |
| fixed length control field | 210428s9999 xx 000 0 und d |
| 020 ## - INTERNATIONAL STANDARD BOOK NUMBER | |
| International Standard Book Number | 0071386246 |
| 082 ## - DEWEY DECIMAL CLASSIFICATION NUMBER | |
| Classification number | 621.381 E379 E |
| 100 ## - MAIN ENTRY--PERSONAL NAME | |
| Personal name | John H. Lau, C.P. Wong, Ning cheng Lee, S. W. Ricky Lee |
| 9 (RLIN) | 127021 |
| 245 #0 - TITLE STATEMENT | |
| Title | Electronics Manufacturing with Lead -Free Halogen-Free & conductive adhesive materials: |
| Remainder of title | McGraw Hill Handbook |
| 300 ## - PHYSICAL DESCRIPTION | |
| Extent | count less |
| 942 ## - ADDED ENTRY ELEMENTS (KOHA) | |
| Koha item type | Book |
| Source of classification or shelving scheme | |
| Withdrawn status | Lost status | Source of classification or shelving scheme | Damaged status | Not for loan | Permanent Location | Current Location | Date acquired | Full call number | Barcode | Date last seen | Price effective from | Koha item type |
|---|---|---|---|---|---|---|---|---|---|---|---|---|
| School of Chemical & Materials Engineering (SCME) | School of Chemical & Materials Engineering (SCME) | 621.381 E379 E | SCME-116 | 04/28/2021 | 04/28/2021 | Book |
